General Knowledge Quiz #186 - Statistics

General Stats
  • This quiz has been taken 88,236 times
  • The average score is 15 of 20
Answer Stats
Question Answer % Correct
Who was served by the genie of the lamp? Aladdin
96%
Spiders have eight legs. What else do spiders usually have eight of? Eyes
94%
What does the prefix "neo" mean? New
88%
What fictional bear is named after a train station in London? Paddington Bear
82%
What city was attacked by Godzilla in the 1954 movie "Godzilla"? Tokyo
79%
Which two vegetables have names that end in "nip"? Turnip
79%
What does the Italian word "bambino" mean? Child
75%
What paper-like substance was invented by the ancient Egyptians? Papyrus
75%
What is the largest type of reptile? (not including extinct animals) Saltwater crocodile
73%
What is the antonym of transparent? Opaque
72%
What are romaine & butterhead? Types of lettuce
72%
What is the meaning of the German word "Luft"? Air
71%
Which two vegetables have names that end in "nip"? Parsnip
71%
What is a synonym for parasol? Umbrella
71%
In what country would you find the Dodecanese and Cyclades island chains? Greece
68%
What part of the body can be described as "olfactory"? Nose
68%
What does this typographic symbol denote: ¶? A new paragraph
65%
Which Asian country is located just 20 kilometers from Djibouti? Yemen
61%
What A word refers to a robot that resembles a human? Android
59%
What was the largest land animal that was alive during the Pleistocene era? Mammoth
48%
No matching quizzes found
Score Distribution
Percent of People with Each Score
Percentile by Number Answered
Your Score History
You have not taken this quiz